[Event "2 Bundesliga Mitte 2007/2008"]
[Site "Frauental"]
[Date "2008.01.27"]
[Round "7"]
[Board "4"]
[White "Kilgus, Georg"]
[Black "Weber, Christoph"]
[Result "1/2-1/2"]
[WhiteElo "2354"]
[BlackElo "2194"]
[PlyCount "58"]
[EventDate "2007.10.13"]
[EventType "team"]
[EventRounds "11"]
[EventCountry "AUT"]
[WhiteTeam "SK Sparkasse Fuerstenfeld"]
[BlackTeam "SV Frauental"]

1.d4 Nf6 2.c4 e6 3.Nf3 b6 4.g3 Ba6 5.Nbd2 d5 6.Bg2 Be7 7.O-O O-O 8.Qc2 c5 9.dxc5
bxc5 10.e4 Nc6 11.cxd5 exd5 12.Re1 Re8 13.Qa4 Bb7 14.exd5 Nxd5 15.Nc4 Nb6
16.Nxb6 Qxb6 17.Be3 Bf6 18.Rac1 Nb4 19.Red1 Nd5 20.Bd2 Qa6 21.Qxa6 Bxa6 22.Bg5
Bxg5 23.Nxg5 Nf6 24.Ne4 Nxe4 25.Bxe4 Rxe4 26.f3 Re7 27.b4 c4 28.a4 g6 29.b5 Bc8

[Event "2 Bundesliga Mitte 2007/2008"]
[Site "Frauental"]
[Date "2008.01.27"]
[Round "7"]
[Board "6"]
[White "Radnetter, Georg"]
[Black "Zoedl, Heinrich"]
[Result "1-0"]
[WhiteElo "2106"]
[BlackElo "2009"]
[PlyCount "64"]
[EventDate "2007.10.13"]
[EventType "team"]
[EventRounds "11"]
[EventCountry "AUT"]
[WhiteTeam "SK Sparkasse Fuerstenfeld"]
[BlackTeam "SV Frauental"]

1.e4 e5 2.Nf3 Nc6 3.Bb5 a6 4.Ba4 Nf6 5.O-O Be7 6.Re1 b5 7.Bb3 O-O 8.h3 d6 9.c3
Nb8 10.d4 Nbd7 11.Nbd2 c5 12.Nf1 Re8 13.Ng3 Bf8 14.Ng5 c4 15.Bc2 h6 16.Nf3 Bb7
17.d5 g6 18.Be3 Kh7 19.Nh2 Bg7 20.Ng4 Nxg4 21.hxg4 Qh4 22.Nf1 Nf6 23.f3 Bc8
24.g3 Qh3 25.Qd2 Bxg4 26.fxg4 Qxg4 27.Qe2 Qd7 28.Nh2 Re7 29.a4 Ree8 30.Ra2 Qb7
31.Rea1 Rec8 32.axb5 axb5

[Event "2 Bundesliga Mitte 2007/2008"]
[Site "Frauental"]
[Date "2008.01.27"]
[Round "7"]
[Board "1"]
[White "Sakelsek, Tadej"]
[Black "Mohr, Georg"]
[Result "1/2-1/2"]
[WhiteElo "2479"]
[BlackElo "2480"]
[PlyCount "23"]
[EventDate "2007.10.13"]
[EventType "team"]
[EventRounds "11"]
[EventCountry "AUT"]
[WhiteTeam "ESV Austria Graz"]
[BlackTeam "Strassenbahn Graz"]

1.e4 c5 2.Nf3 Nc6 3.d4 cxd4 4.Nxd4 Nf6 5.Nc3 e5 6.Ndb5 d6 7.Bg5 a6 8.Na3 b5
9.Nd5 Be7 10.Bxf6 Bxf6 11.c3 O-O 12.Nc2

[Event "2 Bundesliga Mitte 2007/2008"]
[Site "Frauental"]
[Date "2008.01.27"]
[Round "7"]
[Board "2"]
[White "Butunoi, Alexandru"]
[Black "Langheinrich, Ferenc"]
[Result "1/2-1/2"]
[WhiteElo "2403"]
[BlackElo "2421"]
[PlyCount "55"]
[EventDate "2007.10.13"]
[EventType "team"]
[EventRounds "11"]
[EventCountry "AUT"]
[WhiteTeam "Strassenbahn Graz"]
[BlackTeam "ESV Austria Graz"]

1.e4 c5 2.Nf3 d6 3.d4 cxd4 4.Nxd4 Nf6 5.Nc3 Nc6 6.Bg5 Bd7 7.Qd2 Rc8 8.Nb3 Na5
9.f3 a6 10.O-O-O h6 11.Be3 b5 12.g4 g6 13.Nxa5 Qxa5 14.Kb1 Bg7 15.h4 b4 16.Ne2
Be6 17.Nc1 Nd7 18.Nb3 Qc7 19.Nd4 Nc5 20.Nxe6 fxe6 21.Bd4 Bxd4 22.Qxd4 O-O 23.Qe3
Kg7 24.f4 Na4 25.Bd3 Qa5 26.Ka1 Rc5 27.h5 g5 28.e5

[Event "2 Bundesliga Mitte 2007/2008"]
[Site "Frauental"]
[Date "2008.01.27"]
[Round "7"]
[Board "3"]
[White "Kotz, Heinz Peter"]
[Black "Supancic, Darko"]
[Result "1/2-1/2"]
[WhiteElo "2357"]
[BlackElo "2372"]
[PlyCount "20"]
[EventDate "2007.10.13"]
[EventType "team"]
[EventRounds "11"]
[EventCountry "AUT"]
[WhiteTeam "ESV Austria Graz"]
[BlackTeam "Strassenbahn Graz"]

1.e4 d6 2.d4 Nf6 3.Nc3 e5 4.Nf3 Nbd7 5.Bc4 Be7 6.O-O O-O 7.a4 c6 8.dxe5 dxe5
9.Qe2 a5 10.Rd1 Qc7

[Event "2 Bundesliga Mitte 2007/2008"]
[Site "Frauental"]
[Date "2008.01.27"]
[Round "7"]
[Board "4"]
[White "Pesorda, Ivan"]
[Black "Aschenbrenner, Robert"]
[Result "0-1"]
[WhiteElo "2270"]
[BlackElo "2304"]
[PlyCount "96"]
[EventDate "2007.10.13"]
[EventType "team"]
[EventRounds "11"]
[EventCountry "AUT"]
[WhiteTeam "Strassenbahn Graz"]
[BlackTeam "ESV Austria Graz"]

1.d4 Nf6 2.c4 g6 3.Nc3 Bg7 4.e4 d6 5.Nf3 Bg4 6.Be2 Bxf3 7.Bxf3 Nfd7 8.Be3 a6
9.Rc1 c5 10.O-O Nc6 11.Ne2 Qb6 12.d5 Nce5 13.b3 Nxf3+ 14.gxf3 O-O 15.f4 Qa5
16.Rc2 b5 17.Bd2 Qb6 18.Ng3 b4 19.Qg4 Qc7 20.h4 Nf6 21.Qe2 Qc8 22.f5 e6 23.h5
exf5 24.exf5 Nxh5 25.Nxh5 Qxf5 26.Bf4 gxh5 27.Bh2 Rfe8 28.Qd1 Re4 29.f3 Rd4
30.Qb1 Kh8 31.Re2 Qh3 32.Qe1 Rg8 33.Rg2 Rxd5 34.Kh1 Qxg2+ 35.Kxg2 Bc3+ 36.Kh3
Bxe1 37.cxd5 Bc3 38.Bxd6 Rd8 39.Bxc5 Rxd5 40.Be3 Kg7 41.Kg3 Kf6 42.Rh1 Ke6
43.Kf2 Bf6 44.Rc1 Bc3 45.Rh1 Ra5 46.Kg3 h4+ 47.Rxh4 Be1+ 48.Bf2 Rg5+

[Event "2 Bundesliga Mitte 2007/2008"]
[Site "Frauental"]
[Date "2008.01.27"]
[Round "7"]
[Board "6"]
[White "Kastner, Walter"]
[Black "Spindelboeck, Gernot"]
[Result "1-0"]
[WhiteElo "2237"]
[BlackElo "2276"]
[PlyCount "61"]
[EventDate "2007.10.13"]
[EventType "team"]
[EventRounds "11"]
[EventCountry "AUT"]
[WhiteTeam "Strassenbahn Graz"]
[BlackTeam "ESV Austria Graz"]

1.e4 e6 2.d4 d5 3.Nc3 Nf6 4.e5 Nfd7 5.f4 c5 6.Nf3 Nc6 7.Be3 a6 8.Qd2 b5 9.dxc5
Bxc5 10.Bxc5 Nxc5 11.Qf2 Qb6 12.Bd3 b4 13.Ne2 a5 14.O-O Ba6 15.Rac1 Rb8 16.Bxa6
Nxa6 17.Qxb6 Rxb6 18.c4 bxc3 19.Rxc3 O-O 20.b3 Ne7 21.Ned4 Rc8 22.Rxc8+ Nxc8
23.f5 exf5 24.Nxf5 g6 25.Rc1 gxf5 26.Rxc8+ Kg7 27.Nd4 Nb4 28.Nxf5+ Kg6 29.Ne7+
Kg7 30.Rg8+ Kh6 31.Nf5+

[Event "2 Bundesliga Mitte 2007/2008"]
[Site "VOecklabruck"]
[Date "2008.03.01"]
[Round "8"]
[Board "1"]
[White "Srienz, Christian"]
[Black "Kovacevic, Blazimir"]
[Result "0-1"]
[WhiteElo "2214"]
[BlackElo "2482"]
[PlyCount "96"]
[EventDate "2007.10.13"]
[EventType "team"]
[EventRounds "11"]
[EventCountry "AUT"]
[WhiteTeam "ESV ASKOE Admira Villach"]
[BlackTeam "SpG Raika Alpine Trofaiach"]

1.c4 e5 2.Nc3 d6 3.g3 f5 4.d4 Be7 5.dxe5 dxe5 6.Qxd8+ Bxd8 7.Nf3 Nc6 8.Bg5 Nge7
9.O-O-O e4 10.Nh4 h6 11.Bxe7 Nxe7 12.f3 exf3 13.exf3 c6 14.Bd3 Kf7 15.Rhe1 g5
16.Ng2 Bc7 17.Ne3 Be6 18.c5 Rad8 19.Bc4 Rxd1+ 20.Rxd1 f4 21.Bxe6+ Kxe6 22.Ng4
fxg3 23.Re1+ Kf7 24.hxg3 Bxg3 25.Re2 Nf5 26.Ne5+ Bxe5 27.Rxe5 Kf6 28.Re1 Nd4
29.Ne4+ Kg6 30.Nd6 b6 31.b4 bxc5 32.bxc5 Rf8 33.Nc4 Rf5 34.Ne5+ Kf6 35.Ng4+ Kg7
36.Re7+ Kg6 37.Rxa7 Rxc5+ 38.Kd1 Nxf3 39.a4 Ne5 40.Nxe5+ Rxe5 41.a5 g4 42.a6 Ra5
43.Ra8 Kh5 44.a7 c5 45.Ke2 Kh4 46.Rh8 Rxa7 47.Rxh6+ Kg3 48.Rc6 Re7+

[Event "2 Bundesliga Mitte 2007/2008"]
[Site "VOecklabruck"]
[Date "2008.03.01"]
[Round "8"]
[Board "2"]
[White "Bukal, Vladimir Jun"]
[Black "Hafner, Robert"]
[Result "1-0"]
[WhiteElo "2441"]
[BlackElo "2132"]
[PlyCount "87"]
[EventDate "2007.10.13"]
[EventType "team"]
[EventRounds "11"]
[EventCountry "AUT"]
[WhiteTeam "SpG Raika Alpine Trofaiach"]
[BlackTeam "ESV ASKOE Admira Villach"]

1.d4 d5 2.c4 c6 3.Nf3 Nf6 4.Nc3 dxc4 5.a4 Bf5 6.e3 e6 7.Bxc4 Bb4 8.O-O Nbd7
9.Nh4 Bg4 10.f3 Bh5 11.g4 Bg6 12.e4 Nb6 13.Nxg6 hxg6 14.Be2 a5 15.Be3 O-O 16.Qb3
Nfd7 17.Rad1 Qe7 18.Kg2 e5 19.dxe5 Qxe5 20.f4 Qe7 21.e5 g5 22.e6 fxe6 23.fxg5
Nd5 24.Ne4 Nc5 25.Nxc5 Bxc5 26.Bc1 Rxf1 27.Rxf1 Rf8 28.Rxf8+ Qxf8 29.Qf3 Bd6
30.Qxf8+ Kxf8 31.h4 Bf4 32.Bxf4 Nxf4+ 33.Kf3 Nxe2 34.Kxe2 b5 35.g6 bxa4 36.Kd3
Ke7 37.g5 a3 38.bxa3 a4 39.h5 Kf8 40.Kd4 Kg8 41.h6 Kh8 42.Ke5 c5 43.Kxe6 gxh6
44.Kf7

[Event "2 Bundesliga Mitte 2007/2008"]
[Site "VOecklabruck"]
[Date "2008.03.01"]
[Round "8"]
[Board "3"]
[White "Frank, Paul"]
[Black "Zaja, Ivan"]
[Result "0-1"]
[WhiteElo "2201"]
[BlackElo "2467"]
[PlyCount "68"]
[EventDate "2007.10.13"]
[EventType "team"]
[EventRounds "11"]
[EventCountry "AUT"]
[WhiteTeam "ESV ASKOE Admira Villach"]
[BlackTeam "SpG Raika Alpine Trofaiach"]

1.d4 Nf6 2.Nf3 e6 3.g3 b5 4.Bg2 Bb7 5.O-O c5 6.Na3 b4 7.Nc4 Bd5 8.Ne3 Be4 9.dxc5
Bxc5 10.Nc4 d5 11.Ncd2 Nc6 12.Nxe4 Nxe4 13.Nd2 f5 14.c4 bxc3 15.Nxe4 fxe4 16.Qa4
Rc8 17.bxc3 O-O 18.Ba3 Qe7 19.Bxc5 Qxc5 20.Rac1 Rb8 21.c4 Nd4 22.Rfe1 Rb2 23.Qd1
Rxf2 24.cxd5 Rfxe2 25.Rxc5 Rxg2+ 26.Kh1 Rxh2+ 27.Kg1 Rbg2+ 28.Kf1 Rf2+ 29.Kg1
Nf3+ 30.Qxf3 exf3 31.Rc8+ Kf7 32.Rc7+ Kf8 33.Rc8+ Ke7 34.Rxe6+ Kd7

[Event "2 Bundesliga Mitte 2007/2008"]
[Site "VOecklabruck"]
[Date "2008.03.01"]
[Round "8"]
[Board "5"]
[White "Frank, Dieter"]
[Black "Mitter, Gerd"]
[Result "1/2-1/2"]
[WhiteElo "2153"]
[BlackElo "2185"]
[PlyCount "82"]
[EventDate "2007.10.13"]
[EventType "team"]
[EventRounds "11"]
[EventCountry "AUT"]
[WhiteTeam "ESV ASKOE Admira Villach"]
[BlackTeam "SpG Raika Alpine Trofaiach"]

1.e4 c5 2.c3 Qa5 3.Bc4 Nc6 4.Nf3 e6 5.O-O Nf6 6.Re1 b5 7.Bf1 c4 8.d4 cxd3 9.Qxd3
a6 10.Bg5 Be7 11.Nbd2 h6 12.Bh4 Qb6 13.Bg3 O-O 14.a3 d5 15.exd5 exd5 16.Ne5 Be6
17.Ng6 Rfe8 18.Nxe7+ Nxe7 19.Be5 Bf5 20.Qd4 Qxd4 21.Bxd4 Nc6 22.Nb3 Bc2 23.Nc5
Ne4 24.Be3 Na5 25.Rac1 Nxc5 26.Bxc5 Nb3 27.Rxe8+ Rxe8 28.Rxc2 Nxc5 29.Rd2 Re1
30.f3 Na4 31.Rxd5 Nxb2 32.Kf2 Rc1 33.Rd6 Nd1+ 34.Kg3 Nxc3 35.Bd3 g6 36.Rxa6 Rd1
37.Be4 Ra1 38.Bd3 Kg7 39.h4 Rd1 40.Be4 Nxe4+ 41.fxe4 Ra1

[Event "2 Bundesliga Mitte 2007/2008"]
[Site "VOecklabruck"]
[Date "2008.03.01"]
[Round "8"]
[Board "6"]
[White "Spirk, Stefan"]
[Black "Hartl, Daniel"]
[Result "1-0"]
[WhiteElo "2130"]
[BlackElo "2063"]
[PlyCount "87"]
[EventDate "2007.10.13"]
[EventType "team"]
[EventRounds "11"]
[EventCountry "AUT"]
[WhiteTeam "SpG Raika Alpine Trofaiach"]
[BlackTeam "ESV ASKOE Admira Villach"]

1.c4 c6 2.g3 Nf6 3.Bg2 d5 4.Nf3 Bf5 5.cxd5 cxd5 6.Qb3 Qb6 7.Qxb6 axb6 8.Nc3 e6
9.O-O Be7 10.d3 Nc6 11.Bd2 O-O 12.Rfc1 Rfc8 13.Nb5 Nd7 14.Rc2 Bg6 15.b3 Nb4
16.Rxc8+ Rxc8 17.a3 Nc6 18.b4 f6 19.Rc1 e5 20.Nh4 Bf7 21.Nf5 Be6 22.Rxc6 Rxc6
23.Nxe7+ Kf7 24.Nxc6 bxc6 25.Nc3 b5 26.e3 Nb6 27.Bf3 f5 28.Bd1 e4 29.d4 g5 30.a4
bxa4 31.Nxa4 Nxa4 32.Bxa4 Bd7 33.Kf1 g4 34.Ke1 Ke7 35.Bd1 Kd6 36.Be2 Kc7 37.Kd1
Kb6 38.Kc2 Bc8 39.Kb3 Bd7 40.b5 cxb5 41.Bb4 h5 42.Be7 Bc8 43.Kb4 Ba6 44.Bc5+

[Event "2 Bundesliga Mitte 2007/2008"]
[Site "VOecklabruck"]
[Date "2008.03.01"]
[Round "8"]
[Board "1"]
[White "Kozul, Zdenko"]
[Black "Hellmayr, Alois"]
[Result "1/2-1/2"]
[WhiteElo "2609"]
[BlackElo "2320"]
[PlyCount "101"]
[EventDate "2007.10.13"]
[EventType "team"]
[EventRounds "11"]
[EventCountry "AUT"]
[WhiteTeam "ZH Technologies Wolfsberg"]
[BlackTeam "SC Ansfelden 2"]

1.d4 Nf6 2.Nf3 e6 3.c4 Bb4+ 4.Nbd2 b6 5.a3 Bxd2+ 6.Qxd2 Bb7 7.e3 O-O 8.Bd3 d6
9.b4 Nbd7 10.Bb2 c5 11.O-O Qe7 12.dxc5 bxc5 13.Rfd1 Rfd8 14.Ne1 Rac8 15.f3 d5
16.cxd5 Nxd5 17.e4 N5b6 18.Rac1 Na4 19.Ba1 Ndb6 20.bxc5 Rxc5 21.Qe3 Rxc1 22.Rxc1
e5 23.Bb5 Rc8 24.Rd1 a6 25.Bf1 f6 26.Nc2 Qc5 27.Qxc5 Rxc5 28.Ne3 Bc8 29.g3 Kf7
30.Kf2 a5 31.f4 g6 32.fxe5 fxe5 33.Rb1 Bd7 34.Bd3 Ke7 35.Ke2 h5 36.Kd2 Bc6 37.h3
Bd7 38.g4 hxg4 39.hxg4 Kf6 40.Ke2 Kg5 41.Kf3 Bc6 42.Kg3 Bd7 43.Rf1 Bb5 44.Bxb5
Rxb5 45.Rf7 Rb3 46.Rf3 Nc3 47.Kg2 Rxa3 48.Nc2 Rxa1 49.Nxa1 Nxe4 50.Nc2 a4 51.Rf7

[Event "2 Bundesliga Mitte 2007/2008"]
[Site "VOecklabruck"]
[Date "2008.03.01"]
[Round "8"]
[Board "2"]
[White "Rumpl, Erwin"]
[Black "Stevic, Hrvoje"]
[Result "0-1"]
[WhiteElo "2333"]
[BlackElo "2531"]
[PlyCount "58"]
[EventDate "2007.10.13"]
[EventType "team"]
[EventRounds "11"]
[EventCountry "AUT"]
[WhiteTeam "SC Ansfelden 2"]
[BlackTeam "ZH Technologies Wolfsberg"]

1.Nf3 c5 2.g3 Nc6 3.Bg2 g6 4.O-O Bg7 5.c4 d6 6.Nc3 e5 7.e3 Nge7 8.d4 cxd4 9.exd4
exd4 10.Nb5 Bg4 11.Bf4 O-O 12.Nxd6 g5 13.Nxb7 Qb6 14.Bxg5 Qxb7 15.h3 Be6 16.Nxd4
Bxd4 17.Qxd4 Nxd4 18.Bxb7 Rab8 19.Bxe7 Rfe8 20.Bf6 Ne2+ 21.Kg2 Rxb7 22.b3 Rb6
23.Bb2 Bxc4 24.Rfe1 Bd5+ 25.f3 Rc6 26.Bd4 Bxf3+ 27.Kf2 Rc2 28.Bxa7 Bb7 29.g4
Nc1+

[Event "2 Bundesliga Mitte 2007/2008"]
[Site "VOecklabruck"]
[Date "2008.03.01"]
[Round "8"]
[Board "3"]
[White "Mikac, Matjaz"]
[Black "Humer, Wolfgang"]
[Result "1-0"]
[WhiteElo "2390"]
[BlackElo "2254"]
[PlyCount "89"]
[EventDate "2007.10.13"]
[EventType "team"]
[EventRounds "11"]
[EventCountry "AUT"]
[WhiteTeam "ZH Technologies Wolfsberg"]
[BlackTeam "SC Ansfelden 2"]

1.e4 c5 2.c3 d5 3.exd5 Qxd5 4.d4 Nc6 5.Nf3 cxd4 6.cxd4 e5 7.Nc3 Bb4 8.Bd2 Bxc3
9.Bxc3 e4 10.Ne5 Nxe5 11.dxe5 Ne7 12.Qa4+ Bd7 13.Qa3 Bb5 14.Rd1 Bd3 15.Bxd3 exd3
16.O-O Nc6 17.Rfe1 O-O-O 18.Re3 Qc4 19.Qb3 Qxb3 20.axb3 Rd5 21.Rexd3 Rb5 22.Rf3
Nxe5 23.Bxe5 Rxe5 24.Rxf7 Rhe8 25.Kf1 R5e7 26.Rxe7 Rxe7 27.Rd3 a5 28.Re3 Rf7
29.Ke2 Kc7 30.f3 Kc6 31.Kd2 Kc5 32.Kc2 b5 33.Re5+ Kb4 34.Re4+ Kc5 35.b4+ axb4
36.Kb3 Rd7 37.Re5+ Kc6 38.Kxb4 Rd2 39.b3 Rxg2 40.Rc5+ Kd6 41.Rh5 h6 42.Kxb5 Rf2
43.Rh3 Ke5 44.b4 Kf4 45.Kc6

[Event "2 Bundesliga Mitte 2007/2008"]
[Site "VOecklabruck"]
[Date "2008.03.01"]
[Round "8"]
[Board "4"]
[White "Mittermayr, Gerhard"]
[Black "Wegerer, Fred"]
[Result "1-0"]
[WhiteElo "2129"]
[BlackElo "2266"]
[PlyCount "79"]
[EventDate "2007.10.13"]
[EventType "team"]
[EventRounds "11"]
[EventCountry "AUT"]
[WhiteTeam "SC Ansfelden 2"]
[BlackTeam "ZH Technologies Wolfsberg"]

1.e4 c5 2.Nf3 Nc6 3.d4 cxd4 4.Nxd4 e5 5.Nb5 d6 6.N1c3 a6 7.Na3 b5 8.Nd5 Nge7
9.c3 Nxd5 10.Qxd5 Bb7 11.Qd1 Qh4 12.Bd3 Be7 13.Nc2 g6 14.Ne3 O-O 15.g3 Qh3
16.Bf1 Qd7 17.Nd5 Bd8 18.Bh6 Re8 19.h4 f6 20.Qf3 Na5 21.O-O-O Qf7 22.Bh3 Rb8
23.Kb1 Bxd5 24.Rxd5 Be7 25.Bd7 Red8 26.Qg4 f5 27.Bxf5 Kh8 28.Be6 Qxf2 29.Rd2 Qf6
30.Rdd1 Rf8 31.Bxf8 Qxf8 32.h5 g5 33.Rdf1 Qh6 34.Rf7 Bf8 35.Rhf1 Bg7 36.Bc8 Nc4
37.Qd7 Nd2+ 38.Kc2 Nxf1 39.Qe8+ Bf8 40.Rxf8+

[Event "2 Bundesliga Mitte 2007/2008"]
[Site "VOecklabruck"]
[Date "2008.03.01"]
[Round "8"]
[Board "5"]
[White "Waldmann, Gerald"]
[Black "Dumancic, Pero"]
[Result "1/2-1/2"]
[WhiteElo "2157"]
[BlackElo "2175"]
[PlyCount "37"]
[EventDate "2007.10.13"]
[EventType "team"]
[EventRounds "11"]
[EventCountry "AUT"]
[WhiteTeam "ZH Technologies Wolfsberg"]
[BlackTeam "SC Ansfelden 2"]

1.e4 g6 2.d4 Bg7 3.Nc3 d6 4.Be2 f5 5.exf5 Bxf5 6.g4 Bd7 7.Be3 Nh6 8.h3 Nc6 9.Qd2
Nf7 10.O-O-O e6 11.f4 Ne7 12.Nf3 c6 13.Ne4 Qc7 14.Rhf1 O-O-O 15.Kb1 Kb8 16.Nfg5
Nxg5 17.Nxg5 Rdf8 18.Bc4 Nd5 19.Bg1

[Event "2 Bundesliga Mitte 2007/2008"]
[Site "VOecklabruck"]
[Date "2008.03.01"]
[Round "8"]
[Board "1"]
[White "Diermair, Andreas"]
[Black "Dervishi, Erald"]
[Result "1/2-1/2"]
[WhiteElo "2363"]
[BlackElo "2543"]
[PlyCount "105"]
[EventDate "2007.10.13"]
[EventType "team"]
[EventRounds "11"]
[EventCountry "AUT"]
[WhiteTeam "SV Frauental"]
[BlackTeam "SK Leoben"]

1.e4 e5 2.Nf3 Nc6 3.Bb5 a6 4.Ba4 Nf6 5.O-O Be7 6.Re1 b5 7.Bb3 O-O 8.c3 d6 9.h3
Nb8 10.d4 Nbd7 11.Nbd2 Bb7 12.Bc2 Re8 13.Nf1 Bf8 14.Ng3 g6 15.b3 c6 16.Bg5 h6
17.Be3 Bg7 18.Qd2 h5 19.Bg5 Qc7 20.a4 Nf8 21.b4 Ne6 22.Bh6 Bh8 23.Bb3 Rad8
24.Ng5 Bc8 25.axb5 axb5 26.Ra8 exd4 27.cxd4 h4 28.Nf1 Nh7 29.Nf3 c5 30.Rea1 Bb7
31.Rxd8 Qxd8 32.bxc5 dxc5 33.Ra5 Nxd4 34.Nxd4 Bxd4 35.Rxb5 Bxe4 36.Qf4 Nf6
37.Ne3 Nd5 38.Qg4 Nc3 39.Rb7 Re7 40.Rxe7 Qxe7 41.Bg5 Qb7 42.Bc4 Qb1+ 43.Kh2 Be5+
44.f4 Bd4 45.Qc8+ Kg7 46.Be7 Bd5 47.Qf8+ Kh7 48.Bxd5 Nxd5 49.Qxf7+ Kh8 50.Qxd5
Qe1 51.Qd8+ Kh7 52.Bxh4 Qxe3 53.Qe7+

[Event "2 Bundesliga Mitte 2007/2008"]
[Site "VOecklabruck"]
[Date "2008.03.01"]
[Round "8"]
[Board "2"]
[White "Manca, Federico"]
[Black "Cigan, Stefan"]
[Result "1-0"]
[WhiteElo "2405"]
[BlackElo "2367"]
[PlyCount "77"]
[EventDate "2007.10.13"]
[EventType "team"]
[EventRounds "11"]
[EventCountry "AUT"]
[WhiteTeam "SK Leoben"]
[BlackTeam "SV Frauental"]

1.e4 c5 2.c3 e6 3.d4 d5 4.exd5 exd5 5.Nf3 Nc6 6.Bb5 Bd6 7.O-O Nge7 8.dxc5 Bxc5
9.Nbd2 O-O 10.Nb3 Bd6 11.Bd3 h6 12.h3 Nf5 13.Bc2 Re8 14.Qd3 g6 15.Rd1 Qf6
16.Qxd5 Be6 17.Qb5 Rad8 18.Nc5 Ne5 19.Nd4 Nxd4 20.cxd4 Nf3+ 21.Kh1 Nxd4 22.Ne4
Qg7 23.Qa4 Bb8 24.Rxd4 Qe5 25.Kg1 b5 26.Rxd8 Qh2+ 27.Kf1 Rxd8 28.Qxb5 Qh1+
29.Ke2 Qxg2 30.Be3 Bxh3 31.Nf6+ Kg7 32.Be4 Qh2 33.Rh1 Qd6 34.Ne8+ Rxe8 35.Qxe8
Qa6+ 36.Bd3 Bg4+ 37.Kd2 Qa5+ 38.Kc2 Qa4+ 39.Qxa4

[Event "2 Bundesliga Mitte 2007/2008"]
[Site "VOecklabruck"]
[Date "2008.03.01"]
[Round "8"]
[Board "6"]
[White "Sandner, Wolfgang"]
[Black "Schreiner, Peter"]
[Result "1-0"]
[WhiteElo "2225"]
[BlackElo "2088"]
[PlyCount "59"]
[EventDate "2007.10.13"]
[EventType "team"]
[EventRounds "11"]
[EventCountry "AUT"]
[WhiteTeam "SK Leoben"]
[BlackTeam "SV Frauental"]

1.e4 c5 2.Nf3 d6 3.c3 Nf6 4.h3 e6 5.Bd3 d5 6.e5 Nfd7 7.O-O Nc6 8.Re1 Qc7 9.Qe2
Be7 10.Bc2 b6 11.a4 c4 12.Na3 Nc5 13.Nb5 Qd8 14.Nfd4 Na5 15.Qg4 g6 16.Qf3 a6
17.Nd6+ Bxd6 18.exd6 Qxd6 19.d3 e5 20.dxc4 O-O 21.b4 exd4 22.bxc5 bxc5 23.Bh6
Rd8 24.cxd4 Bf5 25.dxc5 Qc6 26.cxd5 Qxd5 27.Re8+ Rxe8 28.Qxd5 Bxc2 29.Qd4 f6
30.Qd7

[Event "2 Bundesliga Mitte 2007/2008"]
[Site "VOecklabruck"]
[Date "2008.03.01"]
[Round "8"]
[Board "1"]
[White "Sakelsek, Tadej"]
[Black "Sommerbauer, Norbert"]
[Result "1/2-1/2"]
[WhiteElo "2479"]
[BlackElo "2474"]
[PlyCount "45"]
[EventDate "2007.10.13"]
[EventType "team"]
[EventRounds "11"]
[EventCountry "AUT"]
[WhiteTeam "ESV Austria Graz"]
[BlackTeam "SpG VOecklabruck"]

1.e4 c5 2.Nf3 e6 3.d4 cxd4 4.Nxd4 a6 5.Bd3 Bc5 6.Nb3 Be7 7.Be3 d6 8.N1d2 Nf6
9.f4 O-O 10.Qe2 Nc6 11.O-O e5 12.Kh1 exf4 13.Bxf4 Ne5 14.h3 Re8 15.Nf3 Ng6
16.Bh2 Bf8 17.Qf2 b5 18.Rae1 Bb7 19.Nbd2 Rc8 20.c3 Ne5 21.Nxe5 dxe5 22.Bb1 b4
23.c4

[Event "2 Bundesliga Mitte 2007/2008"]
[Site "VOecklabruck"]
[Date "2008.03.01"]
[Round "8"]
[Board "2"]
[White "Konopka, Michal"]
[Black "Paehtz, Thomas"]
[Result "1-0"]
[WhiteElo "2433"]
[BlackElo "2448"]
[PlyCount "73"]
[EventDate "2007.10.13"]
[EventType "team"]
[EventRounds "11"]
[EventCountry "AUT"]
[WhiteTeam "SpG VOecklabruck"]
[BlackTeam "ESV Austria Graz"]

1.Nf3 Nf6 2.c4 d6 3.g3 g6 4.d4 Bg7 5.Bg2 O-O 6.Nc3 Nc6 7.O-O e5 8.d5 Ne7 9.c5
Ne8 10.cxd6 cxd6 11.Nd2 Bd7 12.a4 Qc8 13.Qb3 b6 14.Nc4 Bh3 15.e4 Bxg2 16.Kxg2 f5
17.Bg5 Qb7 18.a5 Nc8 19.axb6 axb6 20.Rxa8 Qxa8 21.f3 Nc7 22.Nb5 Nxb5 23.Qxb5 f4
24.Qd7 Qb8 25.Be7 Nxe7 26.Qxe7 Rd8 27.Ra1 Bf8 28.Qe6+ Kh8 29.Qf7 b5 30.Ra7 Qxa7
31.Qxa7 bxc4 32.Qc7 Ra8 33.Qxc4 fxg3 34.hxg3 Rb8 35.b4 Kg8 36.b5 Rb6 37.Qc6

[Event "2 Bundesliga Mitte 2007/2008"]
[Site "VOecklabruck"]
[Date "2008.03.01"]
[Round "8"]
[Board "3"]
[White "Langheinrich, Ferenc"]
[Black "Hirneise, Tobias"]
[Result "1-0"]
[WhiteElo "2421"]
[BlackElo "2287"]
[PlyCount "131"]
[EventDate "2007.10.13"]
[EventType "team"]
[EventRounds "11"]
[EventCountry "AUT"]
[WhiteTeam "ESV Austria Graz"]
[BlackTeam "SpG VOecklabruck"]

1.Nf3 Nf6 2.c4 g6 3.Nc3 Bg7 4.d4 O-O 5.Bg5 d6 6.e3 c5 7.d5 h6 8.Bh4 g5 9.Bg3 Nh5
10.Nd2 Nxg3 11.hxg3 a6 12.a4 b6 13.Be2 e6 14.g4 Ra7 15.Rc1 exd5 16.cxd5 Re7
17.Nc4 f5 18.gxf5 Bxf5 19.O-O Qc7 20.Bf3 Nd7 21.e4 Bg6 22.Bg4 Ne5 23.Be6+ Bf7
24.Bxf7+ Rexf7 25.Ne3 Ng6 26.g3 Qd7 27.Kg2 b5 28.axb5 axb5 29.Qg4 Qxg4 30.Nxg4
b4 31.Na4 Ne5 32.Nxe5 Bxe5 33.f3 Ra7 34.b3 Ra6 35.Rf2 Rxa4 36.bxa4 Ra8 37.f4 Bd4
38.Re2 Kf7 39.e5 Ke7 40.Rh1 b3 41.Rxh6 Rxa4 42.Re6+ Kd7 43.Rxd6+ Kc7 44.Rc6+ Kb7
45.Kf3 b2 46.Rxb2+ Bxb2 47.Rxc5 g4+ 48.Kxg4 Bxe5 49.Kf5 Bd4 50.Rc2 Ra8 51.g4
Rf8+ 52.Ke4 Bb6 53.g5 Re8+ 54.Kf3 Rd8 55.Ke4 Re8+ 56.Kf5 Rf8+ 57.Kg4 Rd8 58.g6
Rxd5 59.g7 Rd8 60.Kg5 Rg8 61.Kh6 Bd4 62.Rg2 Be3 63.Kh7 Rd8 64.f5 Rd7 65.f6 Bd4
66.f7

[Event "2 Bundesliga Mitte 2007/2008"]
[Site "VOecklabruck"]
[Date "2008.03.01"]
[Round "8"]
[Board "4"]
[White "Ennsberger, Ulrich"]
[Black "Aschenbrenner, Robert"]
[Result "1/2-1/2"]
[WhiteElo "2284"]
[BlackElo "2304"]
[PlyCount "118"]
[EventDate "2007.10.13"]
[EventType "team"]
[EventRounds "11"]
[EventCountry "AUT"]
[WhiteTeam "SpG VOecklabruck"]
[BlackTeam "ESV Austria Graz"]

1.d4 g6 2.e4 Bg7 3.Nc3 c5 4.d5 d6 5.Nf3 Bg4 6.Be2 Nf6 7.O-O O-O 8.Bf4 Nfd7 9.Nd2
Bxe2 10.Qxe2 Na6 11.Nc4 Nc7 12.a4 a6 13.e5 dxe5 14.Nxe5 Nf6 15.Rad1 Nh5 16.Bc1
Ne8 17.Rfe1 Nd6 18.g4 Nf6 19.h3 Re8 20.Bf4 Qc8 21.b3 c4 22.b4 h5 23.Kg2 hxg4
24.hxg4 Nxg4 25.Nxg4 Bxc3 26.Rh1 Bg7 27.Qf3 Qf5 28.Ne3 Qe4 29.Qxe4 Nxe4 30.Nxc4
Rac8 31.Nb6 Rxc2 32.Kf3 f5 33.Be3 Nc3 34.Rc1 Rb2 35.Bc5 Ne4 36.Rhd1 Kf7 37.Nc4
Rb3+ 38.Kg2 Rd8 39.Na5 Nxc5 40.bxc5 Rb4 41.Rc4 Rb2 42.d6 Be5 43.c6 Bxd6 44.Nxb7
Rb8 45.Nxd6+ exd6 46.c7 Rc8 47.Rxd6 Rb7 48.Rcc6 Rcxc7 49.Rf6+ Ke8 50.Rxc7 Rxc7
51.Rxg6 a5 52.Ra6 Rc5 53.Ra7 f4 54.Kf3 Kf8 55.Kg4 Rd5 56.Kxf4 Rd4+ 57.Kg5 Rxa4
58.f4 Rb4 59.f5 Rb6